| 000 | 00485nam a2200109Ia 4500 | ||
|---|---|---|---|
| 008 | 170221s9999 xx 000 0 und d | ||
| 100 | _aZhiwei Lin | ||
| 245 | _aDoes High-Quality Financial Reporting Mitigate the Negative Impact of Global Financial Crises on Firm Performance? Evidence from the United Kingdom | ||
| 245 | _cZhiwei Lin, Yihong Jiang, Qingliang Tang, and Xiangjian He | ||
| 650 | _xBusiness | ||
| 856 | _uhttp://ro.uow.edu.au/cgi/viewcontent.cgi?article=1516&context=aabfj | ||
| 999 |
_c307561 _d307561 |
||